| 000 | 00390 a2200145 4500 | ||
|---|---|---|---|
| 003 | OSt | ||
| 005 | 20240208105823.0 | ||
| 008 | 240208b |||||||| |||| 00| 0 eng d | ||
| 020 | _a9788182529236 | ||
| 040 | _coclc | ||
| 082 |
_a954 _bWIL/H |
||
| 245 | _aHistory of India / | ||
| 260 |
_aMumbai: _bWilco Publishing House: |
||
| 942 |
_2ddc _cBK _h954 _iWIL/H _k954 _mWIL/H |
||
| 999 |
_c44381 _d44381 |
||